[Event "Linares 26th"]
[Site "Linares"]
[Date "2009.02.22"]
[Round "4"]
[White "Anand, Viswanathan"]
[Black "Wang, Yue"]
[Result "1-0"]
[WhiteElo "2791"]
[BlackElo "2739"]
[Annotator "Rogozenco,D"]
[PlyCount "65"]
[EventDate "2009.02.19"]
[EventType "tourn"]
[EventRounds "14"]
[EventCountry "ESP"]
[EventCategory "21"]
[SourceTitle "CBM 129"]
[Source "ChessBase"]
[SourceDate "2009.03.25"]
[SourceVersion "1"]
[SourceVersionDate "2009.03.25"]
[SourceQuality "1"]

1. d4 d5 2. c4 c6 3. Nf3 Nf6 4. Nc3 a6 5. a4 e6 6. g3 {From the Slav Defence
the game transposes to a Catalan type of position. White's logic is clear -
the pawn on a4 is fully justified when Black has both pawns on a6 and c6 (the
advance ...b7-b5 is not possible anyway). Black's standard methods to fight
for equality are connected with either ...a5, or ...c5, but that means a loss
of tempo. In 2008 this variations started to gain popularity again, first of
all thanks to its safety.} dxc4 7. Bg2 c5 {The approved method to fight for
equality: Black simplifies the position and achieves an almost equal endgame.}
8. dxc5 Qxd1+ 9. Nxd1 Bxc5 10. Ne5 Nd5 11. Ne3 {Stronger than 11.Nxc4. White
is not afraid to double his pawns. More important for him is to exchange both
Black's developed pieces.} Nxe3 12. Bxe3 Bxe3 13. fxe3 {The doubled pawns on
e2 and e3 do not represent a weakness, since Black has other worries than to
attack them. What matters is White's pressure on opponent's queenside. The
opening of the f-file is a plus for White.} c3 $146 (13... Nd7 14. Nxc4 Rb8 15.
O-O Ke7 16. Rac1 Rd8 17. a5 f6 18. Rfd1 b6 {1/2-1/2 Gajewski,G (2581)-Swiercz,
D (2472)/Chotowa 2009 (65)} 19. Nd6 $1 $16) (13... Bd7 14. Nxc4 (14. O-O $5)
14... Bc6 15. O-O Bxg2 16. Kxg2 Nc6 17. Nd6+ Ke7 18. Nxf7 Rhf8 19. Ng5 h6 20.
Nf3 $16 {1-0 Ragger,M (2518)-Schneider,I (2486)/Berlin 2009 (34)}) 14. b4 $1
Nd7 15. Nd3 (15. Nxd7 $6 Bxd7 16. Bxb7 Ra7 17. Be4 Ke7 $132 {[%cal Gh8b8]})
15... Rb8 {The Chinese Grandmaster prepares the advance of the b-pawn, trying
to escape from the pressure on the long diagonal. However, the unusual pawn
formation (White's doubled pawns and the extra pawn on c3, which is still
alive) required a non-standard solution.} ({The critical move is} 15... Nf6 {
with the idea to prevent the advance of the e-pawn after 16...Ng4 or 16...Nd5.
For instance:} 16. Rc1 ({A move like} 16. Bf3 {cannot be problematic for Black:
} Nd5 17. e4 Nf6 18. e5 Nd5 {followed by 19...Bd7}) 16... Ng4 17. Rxc3 ({
Surprisingly} 17. e4 Ne3 18. Bf3 c2 {works out for Black:} 19. Kf2 Nd1+ $1 20.
Ke1 Ne3 21. Kd2 Nc4+ 22. Kxc2 ({or} 22. Kc3 b5 23. Rxc2 Ke7 $11) 22... e5 {
and Black has good chances to equalize completely.}) 17... Nxe3 18. Bf3 Nd5 19.
Bxd5 exd5 20. Rc7 {White has clear compensation, but it's not clear whether
it's enough for a reasonable advantage.}) 16. O-O b5 (16... b6 $142 17. Rfc1
Bb7 18. Rxc3 $14) 17. axb5 Rxb5 (17... axb5 18. Ra7 $16) 18. Rfc1 Ne5 (18...
O-O $142 19. Rxc3 Nf6 $14) 19. Nxe5 Rxe5 20. Rxc3 $16 ({Already here Anand had
the possibility} 20. b5 $5 {The point is that after} axb5 (20... Rxb5 21. Bc6+
Bd7 22. Bxb5 Bxb5 23. Rxc3 O-O) 21. Rxc3 O-O (21... Ke7 22. Ra8 b4 23. Rcxc8
Rxc8 24. Rxc8 Rb5 25. Rc7+ Kf6 26. Be4 {is winning for White}) 22. Ra8 Bd7 23.
Rc7 Rxa8 24. Bxa8 {the black bishop is suddenly trapped:} Be8 25. Rc8 Kf8 26.
Bc6 $18 {Therefore after 20.b5 Black must give up the exchange: 20...Rxb5 21.
Bc6+ Bd7 22.Bxb5 Bxb5 23.Rxc3 and hope to escape with an exchange down.}) 20...
O-O 21. Bc6 {[%csl Rc8]} Rd8 22. e4 {[%csl Re5]} Kf8 23. Kf2 Ke7 $2 (23... g5 {
or 23...g6 was necessary, after which the move Kf8-e7 becomes possible.}) 24.
b5 $1 $18 axb5 25. Ra7+ Kf6 ({It turns out that after} 25... Kf8 26. Rc7 {
Black has no defence against the threat 27.Rd3 Rxd3 28.Rxc8+ and 29.exd3.
That's why Black needed to remove the pawn from g7. In that case Black could
now play Kf8-g7, when taking the bishop on c8 would have been without check.}
Ba6 {is answered by} 27. Ra3) (25... Bd7 26. Rd3 $18) 26. Rf3+ Kg6 27. Rfxf7
Rg8 28. Rfc7 Rh5 (28... b4 29. Ra8 b3 30. Raxc8 (30. Rcxc8 $2 b2) 30... b2 31.
Rxg8 b1=Q 32. Rgxg7+ Kh6 (32... Kh5 33. Be8+ $18) 33. Rxh7+ Kg5 34. Rcg7+ Kf6
35. Rf7+ Kg5 36. h4+ Kg4 37. Kg2 {[%cal Gf7f4]} Rxe4 38. Rhg7+ Kh5 39. Rf6 {
[%cal Gg7g5,Gc6e8]} Rxe2+ 40. Kh3 $18) 29. h4 Kf6 30. Ra8 Rc5 31. Rcxc8 Rxc8
32. Rxc8 b4 33. Bd7 (33. Bd7 Rxc8 34. Bxc8 b3 35. Ba6 b2 36. Bd3 $18) 1-0

[Event "EU-Cup 23rd"]
[Site "Kemer"]
[Date "2007.10.05"]
[Round "3.3"]
[White "Vaganian, Rafael A"]
[Black "Movsesian, Sergei"]
[Result "1-0"]
[WhiteElo "2600"]
[BlackElo "2670"]
[Annotator "Rogozenco,D"]
[PlyCount "85"]
[EventDate "2007.10.03"]
[EventType "team-swiss"]
[EventRounds "7"]
[EventCountry "TUR"]
[SourceTitle "CBM 121"]
[Source "ChessBase"]
[SourceDate "2007.11.14"]
[SourceVersion "1"]
[SourceVersionDate "2007.11.14"]
[SourceQuality "1"]
[WhiteTeam "Yerevan"]
[BlackTeam "Sarajevo Bosna"]
[WhiteTeamCountry "ARM"]
[BlackTeamCountry "BIH"]

1. Nf3 d5 2. d4 Nf6 3. c4 c6 4. Nc3 a6 5. c5 Nbd7 6. Bf4 Nh5 7. Bg5 $5 h6 8.
Bd2 Nhf6 9. Qc2 {In this variation White tries to prove that the pawn on h6
can create problems for Black in the future. Traditionally such a conception
is based on the fact that by playing ...h6 Black weakens the g6-square and
later might have less possibilities to fight for the square ... e5 (!). For
instance if White installs a knight on e5, Black's option to chase it away
with ...f6 is no longer attractive due to the weakness on g6. Also in other
cases the weakness of g6 can play an important role.  However, this variation
was never considered really dangerous for Black. It has become popular lately
mainly thanks to the efforts of P.Eljanov, who constantly discovers new active
possibilities for White. One of these ideas was implemented by Vaganian in the
present game on move 14, when White uses the pawn on h6 in order to create at
some later stage a direct attack on the kingside.} Qc7 (9... g6 10. Bf4 (10. h3
$5) (10. e4 dxe4 11. Nxe4 Nxe4 12. Qxe4 Nf6 13. Qc2 Be6 14. Bd3 Bg7 15. O-O $11
{/+/=, 1-0 Kuzubov,Y (2544)-Lanzani,M (2356)/Kusadasi 2006 (40)}) 10... g5 (
10... Nh5 11. Be5 Nxe5 12. Nxe5 Be6 13. e3 Ng7 (13... Bg7 14. f4 (14. Be2 $5)
14... Bf5 15. Bd3 e6 $11 {1/2-1/2 Kacheishvili,G (2597)-Kamsky,G (2700)/
Minneapolis 2005 (30)}) 14. g4 $1 $36 {1-0 Vaganian,R (2600)-Saltaev,M (2511)/
Kemer 2007 (31)}) 11. Bg3 Nh5 12. e4 (12. O-O-O $5) 12... g4 13. Nh4 e6 14. Qe2
Qg5 15. f4 {White's last two moves are not particularly impressive.} gxf3 16.
Nxf3 Nxg3 17. hxg3 Qxg3+ 18. Kd2 {1/2-1/2 Eljanov,P (2686)-Volkov,S (2640)/
Dresden 2007}) (9... e6 $6 10. e4 b6 11. exd5 (11. e5 Nh7 (11... Ng8 12. cxb6
Nxb6 13. Bd3 $32) 12. cxb6 Nxb6 13. h4 $5 $36 {[%csl Rh7][%cal Gf1d3]}) 11...
exd5 12. cxb6 Nxb6 13. O-O-O $5 Bd7 14. Kb1 Be7 15. Ne5 O-O 16. Rg1 c5 17. dxc5
Bxc5 18. g4 Bxf2 19. Rg2 Bd4 20. Nxd7 Nfxd7 21. g5 hxg5 (21... h5 $142) 22.
Bxg5 Bf6 23. Nxd5 Bxg5 24. Nxb6 Qxb6 25. Rxg5 $16 {1-0 Eljanov,P (2655)
-Savchenko,B (2569)/Moscow 2006 (35)}) 10. e4 dxe4 ({In my opinion the
critical continuation is the rare} 10... e5 {and then after} 11. exd5 cxd5 {
White should probably continue} 12. b4 exd4 13. Na4 {but for a precise
assessment this variation must be tested in practice.}) 11. Nxe4 Nxe4 12. Qxe4
Nf6 13. Qc2 Be6 {Thanks to his firm control over the d5-square, this position
looks quite safe for Black. His plan is to play ...Bd5, ...e6, ...Be7 and ...
0-0. White's plan usually involves castling short as well, and although the
first player keeps his space advantage anyway, Black hasn't experienced many
problems holding the balance in the previous games when White castled short.}
14. O-O-O $5 {A recent idea of P.Eljanov, which combines perfectly with the
concept behind 7.Bg5 - to exploit the pawn on h6 in White's favour. Suddenly
the normal plan with kingside castling becomes dangerous for Black due to the
direct attack on the kingside (White will advance his g- and h-pawns).} (14.
Bd3 {is not problematic for Black::} Nd7 {The most accurate, preventing 15.Ne5}
({After} 14... Bd5 15. Ne5 $1 {White keeps an edge.}) 15. O-O Bd5 16. Rfe1 e6
17. Ne5 Nxe5 18. dxe5 Be7 19. Rac1 O-O $11 {1/2-1/2 Topalov,V (2735)-Kasparov,
G (2830)/Linares 2004 (36)}) ({Worthy of attention is} 14. Ne5 $5 {which has
never yet been seen in practice.} Nd7 $140 15. Bf4 Qa5+ 16. Qc3 $14) 14... Nd7
(14... g6 15. Bd3 Bg7 16. Rde1 Bd5 17. Ne5 Nd7 18. f4 Bxe5 19. dxe5 Bxg2 20. e6
Bxh1 21. exd7+ ({A good alternative was to take the pawn in order to destroy
Black's pawn structure:} 21. exf7+ Kxf7 (21... Kf8 22. Rxh1 $44) 22. Bxg6+ Kf8
23. Rxh1 $44) 21... Qxd7 22. Rxh1 Qd5 23. Re1 {1/2-1/2 Eljanov,P (2686)
-Laznicka,V (2608)/Dresden 2007 (50). White should be better.}) 15. h4 b6 $146
{Starting actions on the queenside might appear logical, but Black must keep
in mind that from now on he will always have problems with his own king.} ({
In the previous game Black didn't experience visible difficulties, although
there are certainly possibilities for White to improve:} 15... Bd5 16. Bc4 Bxc4
17. Qxc4 e6 18. Kb1 Be7 19. Rh3 Nf6 20. Ne5 (20. Rg3 $5 Nh5 (20... O-O $2 21.
Bxh6 Nh5 22. Rg4 $18) (20... Ne4 $140 21. Rxg7 Kf8 22. Rxf7+ Kxf7 23. Ne5+ Ke8
24. Qxe6 Nxd2+ 25. Rxd2 {and the attack seems to be decisive}) 21. Rg4 $14)
20... Nd5 21. h5 Bf6 22. f4 Bxe5 23. fxe5 O-O-O 24. g4 f6 25. exf6 gxf6 26. Re1
Rde8 27. Qd3 Qh7 28. Qxh7 Rxh7 29. Rg3 Ree7 30. Kc2 Kd7 31. Kd3 Rh8 32. Ke2 Rg7
33. Reg1 Ke8 34. Kf2 Rd7 35. Re1 Kf7 36. Re4 Re7 {1/2-1/2 Eljanov,P (2686)
-Malakhov,V (2679)/Sochi 2007}) (15... O-O-O 16. Kb1 Bd5 17. Bc4 Bxc4 18. Qxc4
e6 $14 19. Qa4 $5 $36 {[%cal Gd2a5,Gh1e1,Ge1e3]} (19. g3 {[%cal Gd2f4]})) 16.
Bc4 Bxc4 17. Qxc4 e6 18. Rhe1 Be7 ({After} 18... bxc5 19. dxc5 Nxc5 ({or} 19...
Bxc5 20. Bc3 O-O 21. Rxd7 Qxd7 22. Qxc5 $16) 20. Bc3 {Black's position is
difficult}) 19. g4 $1 $16 {White finished development and can start active
actions, while Black is suffering because of the impossibility to colve the
problem of his king.} Qb7 20. g5 hxg5 (20... h5 21. g6 $18) (20... b5 21. Qd3
O-O-O 22. g6 $16) 21. Bxg5 ({Even more convincing is} 21. hxg5 {and Black is
in troubles:} g6 (21... b5 22. Qd3 g6 23. Rxe6 $1 fxe6 24. Qxg6+ Kd8 25. Qxe6
$40) {and now White has} 22. d5 $1 cxd5 (22... exd5 23. Qf4 Kf8 24. Bc3 Rh7 25.
Rh1 $18) 23. Qc3 $18 {with a double threat (24.Qxh8 and 24.c6)}) 21... bxc5 22.
Bxe7 Kxe7 23. dxc5 {Black avoided a quick disaster, but he still remains in a
difficult situation due to his king.} Rab8 24. Qc3 Nf6 25. Rd6 Rhd8 26. Ne5 Kf8
(26... Rxd6 27. cxd6+ Kxd6 28. Nxf7+ Qxf7 29. Qe5+ $18) 27. Red1 {This move
worked out perfectly in the game, but objectively it is not the best since
Black will install the knight on d5 and the rook won't be doing much on d1.} ({
White had to continue his attacking plan:} 27. h5 $1 Nd5 (27... Nxh5 28. Rh1
Nf6 29. Rh8+ Ke7 30. Rhxd8 Rxd8 31. Nxc6+ $18) (27... Rxd6 28. cxd6 Qb4 (28...
Nxh5 $2 29. Rh1 $18) (28... Rd8 29. h6 gxh6 30. Ng6+ $1 Kg7 31. Ne7 $18 Rxd6
32. Rg1+ Kf8 33. Qxf6 Qxe7 34. Qh8#) (28... Nd5 29. Qc2 Kg8 (29... Qb4 30. Nd7+
Ke8 31. Re4 $18) (29... f6 30. Nd3 $16 {[%csl Re6]}) 30. h6 $40) 29. Qxb4 Rxb4
30. Rd1 {The endgame is difficult for Black:} Rb8 31. d7 Rd8 32. Rd6 c5 (32...
Ke7 33. Rxc6 Nxd7 34. Nxd7 Rxd7 35. Rxa6 $18) 33. f3 ({Perhaps White wins the
pawn endgame after} 33. Rxa6 Nxd7 34. Rd6 Ke7 35. Rxd7+ Rxd7 36. Nxd7 Kxd7 {
but 33.f3 is strong enough}) 33... a5 (33... Ke7 34. Rxa6 Nxd7 35. Nc6+ $18)
34. Kd2 $1 (34. Kc2 $2 Nd5 35. Nc6 Nb4+) 34... c4 (34... Ke7 35. Ra6 Kf8 36.
Ra7 $18) 35. Kc3 Ke7 36. Ra6 $18) 28. Qc2 (28. Qd2 Rxd6 29. cxd6 f6 30. Nd3 Qd7
31. h6 Qxd6 32. hxg7+ Kf7 $1 {is not entirely clear} (32... Kxg7 33. Rg1+ Kf7
34. Qh6 $40)) 28... Qb4 (28... Nb4 29. Qc4 $16) ({for} 28... Rxd6 {see 27...
Rxd6}) 29. Re4 Qb5 30. Nxc6 Rxd6 31. cxd6 Rb7 (31... Qf1+ 32. Qd1 Qxd1+ 33.
Kxd1 $18) 32. b3 $16) (27. Nxc6 $2 Rxd6 28. cxd6 Rc8 $19) (27. Rxc6 Nd5 28. Qa3
Nf4 $44) 27... Nd5 28. Qc2 Qb4 $2 {A miscalculation.} ({Black is only slightly
worse after} 28... Rxd6 29. cxd6 f6 30. Nc4 $14 (30. Nxc6 $2 Rc8 $19) (30. Ng6+
Kf7 31. h5 {gives White nothing in view of} Nb4 32. Qc4 Qb5)) 29. Nxc6 Qf4+ 30.
Kb1 Rxd6 31. cxd6 Qxd6 {It turns out that Black is forced to give up the
exchange.} (31... Rc8 32. d7 $18) (31... Rb7 32. Ne5 $1 $18 {[%cal Gd6d7,Yc2c8]
}) 32. Nxb8 Qxb8 33. Rc1 $18 {In order to win, all that is required is just
some accuracy and Vaganian does the job excellently.} Qf4 34. Qc8+ Ke7 35. Qb7+
Kf6 36. Qxa6 Qxh4 37. Qc4 Qh7+ 38. Ka1 g5 39. Qd4+ Ke7 40. a4 Qh3 41. Ka2 Qf3
42. a5 Qe2 43. Rc4 $1 1-0

[Event "Bundesliga 0809"]
[Site "Germany"]
[Date "2009.03.01"]
[Round "13.8"]
[White "Nyback, Tomi"]
[Black "Dautov, Rustem"]
[Result "1-0"]
[WhiteElo "2634"]
[BlackElo "2601"]
[Annotator "Rogozenco,D"]
[PlyCount "61"]
[EventDate "2008.10.03"]
[EventType "team-tourn"]
[EventRounds "15"]
[EventCountry "GER"]
[SourceTitle "CBM 130"]
[Source "ChessBase"]
[SourceDate "2009.05.20"]
[SourceVersion "1"]
[SourceVersionDate "2009.05.20"]
[SourceQuality "1"]
[WhiteTeam "Werder Bremen"]
[BlackTeam "Baden-Baden"]
[WhiteTeamCountry "GER"]
[BlackTeamCountry "GER"]

1. d4 Nf6 2. c4 c6 3. Nc3 d5 4. Nf3 a6 5. c5 Bf5 6. Bf4 Nbd7 7. e3 e6 8. Nd2
Be7 9. Be2 Bg6 10. b4 Qc8 11. a4 ({An earlier game between the same opponents
continued} 11. O-O O-O 12. a4 b6 13. cxb6 Nxb6 14. a5 Nbd7 15. Na2 Qb7 16. Rc1
Rfc8 17. Rc3 Ne8 18. Qa4 Nd6 19. Bxd6 Bxd6 $11 {1/2-1/2 Nyback,T (2563)-Dautov,
R (2581)/Germany 2006 (71). This time the Finnish GM delays castling short and
has something different in mind.}) 11... O-O $146 {The position has been met
just a few times in practice and this natural move turns out to be a novelty.}
(11... b6 12. Rc1 a5 13. cxb6 Bxb4 14. Na2 Bxd2+ 15. Qxd2 Qb7 16. Qc3 Nxb6 17.
Qxc6+ Qxc6 18. Rxc6 Nc4 19. Bxc4 dxc4 20. Rxc4 Nd5 21. Bg3 $16 {1-0 Inarkiev,E
(2681)-Popov,I (2595)/Moscow 2008 (42)}) 12. h4 {A logical follow-up of the
idea to keep the king on e1.} h6 ({In case of the committal} 12... h5 {White
can consider} 13. a5 $5 {[%csl Rh5][%cal Gd2f1,Gf1g3]} (13. Nf1 a5 14. b5 e5
$132) (13. O-O Bd8 $13 (13... a5 14. b5 e5 15. Bg3 $13))) 13. g4 ({Worth
considering was first} 13. a5 {and only afterwards starting active actions
with g2-g4.}) 13... a5 $1 14. bxa5 e5 {Dautov wisely follows the classical
rule to open up the centre in reply to activity on the flank.} (14... Rxa5 $6
15. g5 (15. h5 Bh7 16. g5 hxg5 17. Bxg5 $40) 15... hxg5 16. hxg5 Nh7 17. Nb3
Ra8 18. Bd3 $40) 15. dxe5 (15. Bg3 $2 exd4 16. exd4 Re8 17. g5 hxg5 18. hxg5
Nh7 $17) 15... Ne8 16. g5 hxg5 17. hxg5 Nxc5 18. Bg4 Bf5 (18... Qd8 19. Qf3 (
19. Bf5 $5 Bxf5 (19... Bxg5 20. Qg4 $18) (19... Qxa5 20. Qg4 Qxc3 21. Qh3 Qxa1+
22. Nb1 $18) 20. Qh5 f6 21. gxf6 $14) 19... Bxg5 20. Qh3 f5 21. Bxg5 Qxg5 22.
Be2 $14) (18... Nd3+ 19. Kf1 Bf5 $2 (19... Qd8 20. Qf3 $40) 20. Bxf5 Qxf5 21.
Qh5 f6 22. e6 $1 $18) (18... Qc7 $6 19. Qf3 $40) 19. Bxf5 Qxf5 20. Qh5 f6 21.
gxf6 $1 {The right decision to exchange queens, otherwise the white king could
soon become a target too.} (21. exf6 gxf6 22. Ne2 Ng7 23. Nd4 Qd3 $132) 21...
Qxh5 22. Rxh5 gxf6 (22... Nd3+ $6 23. Ke2 Nxf4+ 24. exf4 gxf6 25. Rg1+ Ng7 26.
e6 $1 $16) 23. Ke2 Ng7 24. Rg1 Rxa5 $4 {Until now both sides have played very
inventively and well, but now Black blunders.} ({After} 24... Nce6 {the
position is about equal:} 25. Bh6 (25. Nb3 Kf7 $11) 25... Bb4 $1 (25... Kf7 26.
Bxg7 Nxg7 27. Rh7 Rg8 28. e6+ Kf8 29. Rb1 $18) 26. Kd3 fxe5 27. Rxe5 Kf7 $11)
25. Bh6 Nce6 26. Nb3 $1 {The knight comes to d4 with tempo and Black loses
material.} Rfa8 (26... Raa8 27. Nd4 Kf7 28. Bxg7 Nxg7 29. e6+ Nxe6 30. Rh7+ Ke8
31. Nxe6 $18) 27. Nd4 $18 (27. Nxa5 Rxa5 28. Bxg7 Nxg7 29. e6 {is winning as
well, but the game is even more convincing.}) 27... Kf7 28. Bxg7 Nxg7 29. Rh7
Bf8 (29... Rg8 30. Nf5 $18) 30. e6+ Kg8 31. Rgh1 1-0